Cálculo diferencial e integral
Guardat en:
| Autors principals: | , |
|---|---|
| Format: | Llibre |
| Idioma: | espanyol |
| Publicat: |
Ciudad de México
Limusa
1965
|
| Matèries: | |
| Etiquetes: |
Afegir etiqueta
Sense etiquetes, Sigues el primer a etiquetar aquest registre!
|
MARC
| LEADER | 00000cam a2200000 a 4500 | ||
|---|---|---|---|
| 001 | UCY3678 | ||
| 003 | CL-VaPUC | ||
| 005 | 20210410001503.0 | ||
| 008 | 950112e19650000MX |||||||||||||||||spa|d | ||
| 999 | |c 231743 |d 231741 | ||
| 040 | |c Pontificia Universidad Católica de Valparaíso | ||
| 082 | 0 | 4 | |a 515.33 TAY 1965 |
| 100 | 0 | |a Taylor, Howard Edward |e author |9 332031 | |
| 245 | 1 | 0 | |a Cálculo diferencial e integral |
| 260 | |a Ciudad de México |b Limusa |c 1965 | ||
| 300 | |a 867 p | ||
| 583 | |a last modification |c 20180706 02:21:33 |k Rodrigo Vera | ||
| 650 | 0 | |a Cálculo diferencial |9 260102 | |
| 650 | 0 | |a Cálculo integral |9 260103 | |
| 700 | 0 | |a Wade, Thomas Leonard |e author |9 332032 | |
| 942 | |c BK |2 ddc | ||
| 945 | |d 19950112 00:00:00 |a mfernand | ||
| 952 | |0 0 |1 0 |2 ddc |4 0 |6 515_330000000000000_TAY_1965 |7 0 |8 CCM |9 235370 |a BIBCUR |b BIBCUR |c PAC |d 2019-11-15 |i 3052044 |o 515.33 TAY 1965 |p 3052044 |r 2025-04-22 |w 2019-11-15 |y BK |k CIM | ||
| 952 | |0 0 |1 0 |4 0 |6 515_330000000000000_TAY_1965 |7 0 |8 A |9 235372 |a BIBMAT |b BIBMAT |d 2019-11-15 |i 3094855 |o 515.33 TAY 1965 |p 3094855 |r 2025-01-07 |w 2019-11-15 |y BK |k MAT | ||
| 952 | |0 0 |1 0 |4 0 |6 515_330000000000000_TAY_1965 |7 0 |8 A |9 235373 |a BIBMAT |b BIBMAT |d 2019-11-15 |i 3094863 |o 515.33 TAY 1965 |p 3094863 |r 2025-01-07 |w 2019-11-15 |y BK |k MAT | ||
| 952 | |0 0 |1 0 |4 0 |6 515_330000000000000_TAY_1965 |7 0 |8 A |9 235377 |a BIBING |b BIBING |d 2019-11-15 |i 1648152 |o 515.33 TAY 1965 |p 1648152 |r 2025-01-20 |w 2019-11-15 |y BK |k CCL | ||
| 952 | |0 0 |1 0 |4 0 |6 515_330000000000000_TAY_1965 |7 0 |8 A |9 235378 |a BIBCUR |b BIBCUR |d 2019-11-15 |i 1782436 |o 515.33 TAY 1965 |p 1782436 |r 2025-04-22 |w 2019-11-15 |y BK |k BCB | ||
| 952 | |0 0 |1 0 |4 0 |6 515_330000000000000_TAY_1965 |7 0 |8 A |9 235379 |a BIBCUR |b BIBCUR |d 2019-11-15 |i 1783629 |o 515.33 TAY 1965 |p 1783629 |r 2025-04-22 |w 2019-11-15 |y BK |k BCB | ||
| 952 | |0 0 |1 0 |4 0 |6 515_330000000000000_TAY_1965 |7 0 |8 A |9 235380 |a BIBCUR |b BIBCUR |d 2019-11-15 |i 1783645 |l 1 |o 515.33 TAY 1965 |p 1783645 |r 2025-04-22 |s 2024-05-14 |w 2019-11-15 |y BK |k BCB | ||
| 952 | |0 0 |1 0 |4 0 |6 515_330000000000000_TAY_1965 |7 0 |8 A |9 235381 |a BIBCUR |b BIBCUR |d 2019-11-15 |i 1782932 |o 515.33 TAY 1965 |p 1782932 |r 2025-04-22 |w 2019-11-15 |y BK |k BCB | ||
| 952 | |0 0 |1 0 |4 0 |6 515_330000000000000_TAY_1965 |7 0 |8 A |9 235382 |a BIBALI |b BIBALI |c GEN |d 2019-11-15 |i 1959182 |o 515.33 TAY 1965 |p 1959182 |r 2025-01-20 |w 2019-11-15 |y BK |k ALI | ||
| 952 | |0 0 |1 0 |4 0 |6 515_330000000000000_TAY_1965 |7 0 |8 A |9 235383 |a BIBALI |b BIBALI |c GEN |d 2019-11-15 |i 1959190 |o 515.33 TAY 1965 |p 1959190 |r 2025-01-20 |w 2019-11-15 |y BK |k ALI | ||
| 952 | |0 0 |1 0 |4 0 |6 515_330000000000000_TAY_1965 |7 0 |8 A |9 235384 |a BIBGIM |b BIBGIM |d 2019-11-15 |i 140203K |o 515.33 TAY 1965 |p 140203K |r 2025-01-15 |w 2019-11-15 |y BK |k COM | ||
| 952 | |0 0 |1 0 |4 0 |6 515_330000000000000_TAY_1965 |7 0 |8 A |9 235385 |a BIBGIM |b BIBGIM |d 2019-11-15 |i 1402080 |o 515.33 TAY 1965 |p 1402080 |r 2025-01-15 |w 2019-11-15 |y BK |k COM | ||
| 952 | |0 0 |1 0 |4 0 |6 515_330000000000000_TAY_1965 |7 0 |8 A |9 235386 |a BIBGIM |b BIBGIM |d 2019-11-15 |i 140427K |o 515.33 TAY 1965 |p 140427K |r 2025-01-15 |w 2019-11-15 |y BK |k COM | ||
| 952 | |0 0 |1 0 |4 0 |6 515_330000000000000_TAY_1965 |7 0 |8 A |9 235388 |a BIBMEC |b BIBMEC |d 2019-11-15 |i 1322818 |o 515.33 TAY 1965 |p 1322818 |r 2024-01-19 |w 2019-11-15 |y BK |k MEC | ||
| 952 | |0 0 |1 0 |4 0 |6 515_330000000000000_TAY_1965 |7 0 |8 A |9 235392 |a BIBING |b BIBING |d 2019-11-15 |i 4096592 |l 3 |o 515.33 TAY 1965 |p 4096592 |r 2025-01-20 |s 2023-10-12 |w 2019-11-15 |y BK |k ING | ||
| 952 | |0 0 |1 0 |3 erb |4 0 |6 515_330000000000000_TAY_1965 |7 0 |8 A |9 235393 |a BIBING |b BIBING |i 5478995 |l 7 |o 515.33 TAY 1965 |p 5478995 |r 2025-04-21 |s 2025-04-21 |w 2019-11-15 |y BK |z Catalogado en:20180706 |k ING | ||
| 952 | |0 0 |1 0 |2 ddc |4 0 |6 515_330000000000000_TAY_1965 |7 0 |8 A |9 500168 |a BIBMAT |b BIBMAT |d 2020-01-22 |i 5616441 |o 515.33 TAY 1965 |p 5616441 |r 2025-01-07 |t 28 |w 2020-01-22 |y BK |k MAT | ||